| 000 | 00543cam a2200181 a 4500 | ||
|---|---|---|---|
| 020 | _a9780007337460 (pbk.) | ||
| 082 |
_a423 _bCOL |
||
| 245 | 0 | 0 | _aCollins English dictionary & thesaurus. |
| 250 | _a4th ed. | ||
| 260 |
_aGlasgow : _bHarperCollins, _c2011. |
||
| 300 |
_avi, 1387 p. ; _c16 cm. |
||
| 500 | _aRev. ed. of: Collins English dictionary. 1994. | ||
| 526 |
_a0 _b0 _c0 _d423_000000000000000_COL |
||
| 650 | 0 | _aEnglish language | |
| 650 | 0 |
_aEnglish language _xSynonyms and antonyms _914399 |
|
| 650 | 0 |
_aMCE _9379 |
|
| 942 |
_2ddc _cBK |
||
| 999 |
_c550266 _d550266 |
||